LEADER 01257nam a2200289 u 4500 001 000000115895 003 CaOOAMICUS 005 20090528122307.0 008 090528s2009 it u000 u ita r 020 $z978-88-6132-385-8* 040 $aPUL$bita$dLDB 110 1 $aItalia.$kLeggi, statuti, ecc.$0(OLS)http://pul/name/10145 240 10$aCodice di procedura penale$9(Italia).$0(OLS)http://pul/title/69944 245 10$aCodice di procedura penale e leggi complementari /$ca cura di Piermaria Corso. 250 $a19. ed. 260 $aPiacenza :$bLa Tribuna,$cc2009. 300 $a1051 p. ;$c17 cm 490 1 $aCodici vigenti 2009 650 4$aProcedura penale.$0(OLS)http://pul/subject/9185 700 1 $aCorso, Piermaria.$0(OLS)http://pul/name/35334 830 0$aCodici vigenti 2009.$0(OLS)http://pul/title/144138 850 $aPUL 852 $aPUL$W1$xDP2 Diritto e Scienze Sociali 3$y110$m348. 45 BZCOD 27$j132913$qDDC 21$B131913$CPULBib$Z2$F131913 $H110647 $82 941 1 $a9 996 $6020$z978-88-6132-385-8*$9(OLS)http://pul/number/140891 996 $6245$aCodice di procedura penale e leggi complementari$9(OLS)http://pul/title/69945 996 $6260$aPiacenza :$bLa Tribuna$9(OLS)http://pul/publisher/69734 LEADER 01705cam a2200337 a 4500 001 000000136057 003 CaOOAMICUS 005 20131030143630.0 008 131030s2012 enk b 000 u eng r 020 $a978-0-567-28102-9 040 $aPUL$bita 082 04$a225.6 245 00$aAncient Jewish and Christian texts as crisis management literature :$bthematic studies from the Center for Early Christian Studies /$cedited by David C. Sim and Pauline Allen. 260 $aLondon ;$aNew York :$bT&T Clark International,$c2012. 300 $axi, 209 p. ;$c24 cm 490 1 $aLibrary of New Testament studies ;$v445 504 $aBibliografia p. [177]-194. 630 04$aBiblia$xStudio.$0(OLS)http://pul/subject/1632 650 4$aGiudaismo$yEvo antico.$0(OLS)http://pul/subject/26825 700 1 $aAllen, Pauline.$0(OLS)http://pul/name/3304 700 1 $aSim, David C.$0(OLS)http://pul/name/63464 710 2 $aAustralian Catholic University.$bCentre for Early Christian Studies.$0(OLS)http://pul/name/87566 830 0$aLibrary of New Testament studies ;$v445.$0(OLS)http://pul/title/158087 850 $aPUL 852 $aPUL$W1$xSL Religione 3$y85$m225. 6 COLL 1.445$j156842$qDDC 21$B156227$CPULBib$Z2$F156227 $H123079 $82 941 1 $a9 996 $6020$a978-0-567-28102-9$9(OLS)http://pul/number/153852 996 $6082$a225.6$9(OLS)http://pul/classification/1734 996 $6245$aAncient Jewish and Christian texts as crisis management literature :$bthematic studies from the Center for Early Christian Studies$9(OLS)http://pul/title/172056 996 $6260$aLondon ;$aNew York :$bT&T Clark International$9(OLS)http://pul/publisher/75814